German Words - Statistics

General Stats
  • This quiz has been taken 48 times
  • The average score is 8 of 10
Answer Stats
German Word Answer % Correct
Kind child
95%
Haus house
95%
Tür door
87%
Bett bed
85%
Baum tree
85%
Berg mountain
82%
Meer sea
79%
Tisch table
79%
Wand wall
67%
Dach roof
62%
No matching quizzes found
Score Distribution
Percent of People with Each Score
Percentile by Number Answered
Your Score History
You have not taken this quiz